Celebrity Siblings III Quiz Stats

 Plays Quiz Updated May 21, 2016

Score 0/30 Timer 05:00
4 Plays Today
% Correct
Prince Harry
93.4%
Julia Roberts
92.1%
Prince William
91.1%
Kim Kardashian
89.1%
John Belushi
76.5%
Jim Belushi
75.7%
Khloé Kardashian
74.8%
Kourtney Kardashian
57.3%
Damon Wayans
56.2%
Ralph Fiennes
51.8%
Eric Roberts
51%
David Carradine
49.7%
Marlon Wayans
47.8%
Nick Carter
43.2%
Aaron Carter
40.6%
% Correct
Joseph Fiennes
35.1%
Michael Madsen
34.3%
Tyne Daly
33.5%
Dylan Sprouse
30.3%
Robert Carradine
29.3%
Jason Giambi
29.2%
Cole Sprouse
28.8%
Tim Daly
27.3%
Keith Carradine
27.1%
Virginia Madsen
23.3%
Shawn Wayans
21.7%
Jeremy Giambi
20%
Keenen Ivory Wayans
17.2%
Audrey Meadows
14.4%
Jayne Meadows
12.3%

You're not logged in!

Compare scores with friends on all Sporcle quizzes.
OR
Log In

You Might Also Like...

Show Comments

Extras

Top Quizzes Today


Score Distribution

Your Account Isn't Verified!

In order to create a playlist on Sporcle, you need to verify the email address you used during registration. Go to your Sporcle Settings to finish the process.

Report this User

Report this user for behavior that violates our Community Guidelines.

Details: